[Event "Teusaquillo Rapid op"]
[Site "Teusaquillo"]
[Date "2023.03.04"]
[Round "1"]
[White "Villamil Alarcon, Hector Orlando"]
[Black "Jimenez Mendez, William"]
[Result "1-0"]
[WhiteElo "1971"]
[BlackElo "1487"]
[PlyCount "128"]
[EventDate "2023.03.04"]
[EventType "swiss (rapid)"]
[EventRounds "9"]
[EventCountry "COL"]
[SourceTitle "CBM 213 Extra"]
[Source "ChessBase"]
[SourceDate "2023.05.31"]
[SourceVersion "1"]
[SourceVersionDate "2023.05.31"]
[SourceQuality "1"]

1. e4 g6 2. d4 d5 3. exd5 Qxd5 4. c4 Qd8 5. Nc3 Bg7 6. Nf3 Bg4 7. Be2 e6 8. 0-0 Nf6 9. h3 Bxf3 10. Bxf3 c6 11. Bg5 0-0 12. Qd2 Qa5 13. a3 Nbd7 14. b4 Qc7 15. Rad1 Rac8 16. Rfe1 Nb6 17. Be2 Rfe8 18. Bf4 Qe7 19. Bf1 Qd7 20. Be5 Red8 21. Qe3 Qe8 22. Qg5 Nfd7 23. Bxg7 Kxg7 24. Ne4 h6 25. Qf4 Qe7 26. Nd6 Rb8 27. Ne4 Nf6 28. Nxf6 Qxf6 29. Qxf6+ Kxf6 30. Re3 Rd7 31. Rf3+ Kg7 32. c5 Nd5 33. Bc4 Rbd8 34. Bxd5 Rxd5 35. Rfd3 e5 36. Kf1 e4 37. R3d2 f5 38. g3 Kf6 39. Ke2 g5 40. Ke3 R8d7 41. f3 exf3 42. Kxf3 Re7 43. Re2 Rxe2 44. Kxe2 h5 45. Ke3 a6 46. a4 g4 47. hxg4 hxg4 48. Rh1 Kg5 49. Rh7 f4+ 50. gxf4+ Kg6 51. Rh4 g3 52. Rg4+ Kf5 53. Rxg3 Rd7 54. Rg5+ Kf6 55. Re5 Rh7 56. d5 cxd5 57. Rxd5 Rh3+ 58. Ke4 Rh1 59. Rd6+ Ke7 60. Rb6 Rh2 61. Rxb7+ Ke6 62. Rb6+ Ke7 63. Rxa6 Re2+ 64. Kd5 Rf2 1-0

[Event "Soacha op-A"]
[Site "Soacha"]
[Date "2021.09.09"]
[Round "4"]
[White "Villamil Alarcon, Hector Orlando"]
[Black "Torres, Juan Camilo"]
[Result "0-1"]
[WhiteElo "2063"]
[BlackElo "2266"]
[PlyCount "29"]
[EventDate "2021.09.08"]
[EventType "swiss"]
[EventRounds "10"]
[EventCountry "COL"]
[SourceTitle "CBM 204 Extra"]
[Source "ChessBase"]
[SourceDate "2021.11.30"]
[SourceVersion "1"]
[SourceVersionDate "2021.11.30"]
[SourceQuality "1"]

1. d4 d5 2. Nf3 Nf6 3. Bg5 Ne4 4. Bf4 c5 5. dxc5 Nc6 6. c3 Nxc5 7. e3 f6 8. Nbd2 e5 9. Bg3 Bf5 10. Nb3 Na4 11. Qd2 Be7 12. Bb5 Nb6 13. 0-0 a6 14. Be2 0-0 15. Rfd1 0-1

[Event "Bogota McGregor op 3rd"]
[Site "Bogota"]
[Date "2012.12.16"]
[Round "9"]
[White "Velez Alvarez, Laura Camila"]
[Black "Villamil Alarcon, Hector Orlando"]
[Result "0-1"]
[WhiteElo "1754"]
[BlackElo "2061"]
[PlyCount "86"]
[EventDate "2012.12.12"]
[EventType "swiss"]
[EventRounds "9"]
[EventCountry "COL"]
[SourceTitle "EXT 2014"]
[Source "ChessBase"]
[SourceDate "2013.11.20"]
[SourceVersion "1"]
[SourceVersionDate "2013.11.20"]
[SourceQuality "1"]

1. e4 c5 2. Nf3 Nc6 3. d4 cxd4 4. Nxd4 Nf6 5. f3 e5 6. Nb3 d5 7. exd5 Qxd5 8. Nc3 Qxd1+ 9. Nxd1 Be6 10. Ne3 0-0-0 11. Bd2 Be7 12. 0-0-0 Rd7 13. Bb5 Bxb3 14. axb3 Rhd8 15. Rhe1 Nd5 16. Bc4 Nxe3 17. Bxe3 Rxd1+ 18. Rxd1 f6 19. Rxd8+ Kxd8 20. Bd5 Kc7 21. Be4 g6 22. Kd2 b6 23. c3 Bc5 24. Bxc5 bxc5 25. Bd5 Ne7 26. Be4 f5 27. Bc2 Kd6 28. Bd3 Nd5 29. Bc2 Nf4 30. g3 Nd5 31. Bd3 Nf6 32. c4 a5 33. Kc3 Ke6 34. Kd2 h5 35. Ke3 Ne8 36. h3 Kf6 37. g4 Nc7 38. Bc2 Ne6 39. Bd1 Nd4 40. gxf5 gxf5 41. f4 h4 42. fxe5+ Kxe5 43. Kf2 Kf4 0-1

[Event "Bogota McGregor op 3rd"]
[Site "Bogota"]
[Date "2012.12.16"]
[Round "8"]
[White "Villamil Alarcon, Hector Orlando"]
[Black "Sanz Alonso, Francisco Javier"]
[Result "0-1"]
[WhiteElo "2061"]
[BlackElo "2363"]
[PlyCount "66"]
[EventDate "2012.12.12"]
[EventType "swiss"]
[EventRounds "9"]
[EventCountry "COL"]
[SourceTitle "EXT 2014"]
[Source "ChessBase"]
[SourceDate "2013.11.20"]
[SourceVersion "1"]
[SourceVersionDate "2013.11.20"]
[SourceQuality "1"]

1. e4 e5 2. Nf3 Nc6 3. Bb5 a6 4. Bxc6 dxc6 5. d4 exd4 6. Qxd4 Qxd4 7. Nxd4 c5 8. Nb3 Be6 9. Be3 b6 10. Nc3 0-0-0 11. 0-0 g6 12. Rad1 Bg7 13. Rxd8+ Kxd8 14. Rd1+ Kc8 15. Bg5 Nf6 16. f3 Nd7 17. Bc1 Re8 18. Ne2 f5 19. Ng3 fxe4 20. Nxe4 Nf6 21. Nxf6 Bxf6 22. Re1 Kd7 23. c3 a5 24. Bd2 Rd8 25. Bf4 a4 26. Rd1+ Kc8 27. Rxd8+ Kxd8 28. Nc1 a3 29. bxa3 Bxc3 30. Be3 Kd7 31. Kf2 Kc6 32. a4 Bf5 33. Ke2 Bc2 0-1

[Event "Bogota McGregor op 3rd"]
[Site "Bogota"]
[Date "2012.12.15"]
[Round "7"]
[White "Contreras, Miguel Angel"]
[Black "Villamil Alarcon, Hector Orlando"]
[Result "0-1"]
[WhiteElo "1808"]
[BlackElo "2061"]
[PlyCount "66"]
[EventDate "2012.12.12"]
[EventType "swiss"]
[EventRounds "9"]
[EventCountry "COL"]
[SourceTitle "EXT 2014"]
[Source "ChessBase"]
[SourceDate "2013.11.20"]
[SourceVersion "1"]
[SourceVersionDate "2013.11.20"]
[SourceQuality "1"]

1. e4 c5 2. Nf3 Nc6 3. d4 cxd4 4. Nxd4 Nf6 5. Nc3 e5 6. Nxc6 bxc6 7. a3 Be7 8. Bc4 0-0 9. 0-0 Bb7 10. Bg5 Nxe4 11. Bxe7 Nxc3 12. Bxd8 Nxd1 13. Rfxd1 Raxd8 14. Rd6 Rfe8 15. Rad1 Bc8 16. R1d3 Kf8 17. Bb3 Ke7 18. Bc4 Rf8 19. b4 f5 20. a4 Rf6 21. Rxf6 Kxf6 22. c3 d5 23. Bb3 Be6 24. f3 d4 25. Bc2 Bc4 26. Rd1 d3 27. Bb1 e4 28. fxe4 fxe4 29. Kf2 Bb3 30. Rd2 Bxa4 31. Ke3 Ke5 32. Rf2 Bb3 33. g3 Rd6 0-1

[Event "Bogota McGregor op 3rd"]
[Site "Bogota"]
[Date "2012.12.12"]
[Round "2"]
[White "Villamil Alarcon, Hector Orlando"]
[Black "Pena Mora, Carlos"]
[Result "1-0"]
[WhiteElo "2061"]
[BlackElo "1691"]
[PlyCount "45"]
[EventDate "2012.12.12"]
[EventType "swiss"]
[EventRounds "9"]
[EventCountry "COL"]
[SourceTitle "EXT 2014"]
[Source "ChessBase"]
[SourceDate "2013.11.20"]
[SourceVersion "1"]
[SourceVersionDate "2013.11.20"]
[SourceQuality "1"]

1. e4 g6 2. d4 Bg7 3. c4 d6 4. Nc3 Nf6 5. f3 0-0 6. Be3 e5 7. Qd2 exd4 8. Bxd4 c6 9. 0-0-0 Be6 10. h4 h5 11. Nh3 c5 12. Bxc5 Ne8 13. Bf2 Nc6 14. Kb1 a5 15. Ng5 Qf6 16. Nd5 Bxd5 17. cxd5 Ne5 18. Bd4 Qe7 19. Rc1 Nc7 20. f4 Ng4 21. Bxg7 Kxg7 22. Be2 f6 23. Rxc7 1-0

[Event "San Cristobal Bolivar op 1st"]
[Site "San Cristobal"]
[Date "2012.09.26"]
[Round "3"]
[White "Villamil Alarcon, Hector Orlando"]
[Black "De Arco, Luis Carlos"]
[Result "1/2-1/2"]
[WhiteElo "2058"]
[BlackElo "2235"]
[PlyCount "79"]
[EventDate "2012.09.25"]
[EventType "swiss"]
[EventRounds "10"]
[EventCountry "VEN"]
[SourceTitle "EXT 2013"]
[Source "ChessBase"]
[SourceDate "2012.11.22"]
[SourceVersion "1"]
[SourceVersionDate "2012.11.22"]
[SourceQuality "1"]

1. e4 c5 2. Nf3 g6 3. d3 Bg7 4. g3 Nc6 5. Bg2 Nf6 6. 0-0 d5 7. exd5 Nxd5 8. Nbd2 0-0 9. Re1 b6 10. Nc4 Bb7 11. Nfe5 Nxe5 12. Nxe5 Qc7 13. f4 e6 14. Qe2 Ne7 15. Bxb7 Qxb7 16. Qe4 Qxe4 17. Rxe4 Rfd8 18. Bd2 Rac8 19. Bc3 Nf5 20. Rae1 Nd6 21. R4e2 Nb5 22. Re4 Nxc3 23. bxc3 Bxe5 24. Rxe5 Kf8 25. Kf2 Rd6 26. c4 Ke7 27. f5 Rcc6 28. fxe6 Rxe6 29. Kf3 Rxe5 30. Rxe5+ Kd7 31. Re2 h6 32. Rf2 Rf6+ 33. Kg2 Rxf2+ 34. Kxf2 f5 35. c3 Kc6 36. a4 a6 37. Ke3 Kd6 38. d4 Kc6 39. d5+ Kd6 40. Kd3 1/2-1/2

[Event "Bogota op 05"]
[Site "Bogota"]
[Date "2012.05.19"]
[Round "3"]
[White "Villamil Alarcon, Hector Orlando"]
[Black "Cardozo Munar, Carlos Eduardo"]
[Result "0-1"]
[WhiteElo "2065"]
[BlackElo "1925"]
[PlyCount "90"]
[EventDate "2012.05.18"]
[EventType "swiss"]
[EventRounds "7"]
[EventCountry "COL"]
[SourceTitle "CBM 148 Extra"]
[Source "ChessBase"]
[SourceDate "2012.06.22"]
[SourceVersion "1"]
[SourceVersionDate "2012.06.22"]
[SourceQuality "1"]

1. e4 e6 2. d4 d5 3. e5 c5 4. c3 Nc6 5. Nf3 Qb6 6. a3 Nh6 7. b4 cxd4 8. cxd4 Nf5 9. Bb2 a5 10. b5 a4 11. g4 Nh6 12. Rg1 Ne7 13. Nc3 Qa5 14. Bd3 Bd7 15. Qd2 Nc8 16. g5 Ng8 17. Kf1 Nb6 18. Qe2 Rc8 19. Rc1 Nc4 20. Bxc4 Rxc4 21. Nd2 Rxd4 22. Rg3 Ne7 23. Nf3 Rc4 24. Nd2 Rc5 25. Kg2 Nf5 26. Rg4 d4 27. Nce4 Rxc1 28. Bxc1 Bxb5 29. Qd1 Bc6 30. Kg1 Qxe5 31. Qc2 Be7 32. Bb2 0-0 33. Qd3 Qb5 34. Qc2 Qe2 35. h3 Qe1+ 36. Nf1 Bb5 37. Ned2 Qe2 38. Qc7 Bc6 39. Bxd4 Nxd4 40. Rxd4 Bc5 41. Rf4 Bxa3 42. Nc4 Bc1 43. Nce3 Bxe3 44. Nxe3 Qe1+ 45. Nf1 a3 0-1

[Event "Bogota op 05"]
[Site "Bogota"]
[Date "2012.05.18"]
[Round "1"]
[White "Villamil Alarcon, Hector Orlando"]
[Black "Patino, Jairo"]
[Result "1-0"]
[WhiteElo "2065"]
[BlackElo "1622"]
[PlyCount "55"]
[EventDate "2012.05.18"]
[EventType "swiss"]
[EventRounds "7"]
[EventCountry "COL"]
[SourceTitle "CBM 148 Extra"]
[Source "ChessBase"]
[SourceDate "2012.06.22"]
[SourceVersion "1"]
[SourceVersionDate "2012.06.22"]
[SourceQuality "1"]

1. e4 d5 2. exd5 Qxd5 3. Nc3 Qa5 4. Nf3 Bg4 5. Bc4 Nf6 6. 0-0 c6 7. Re1 e6 8. h3 Bh5 9. Qe2 Nbd7 10. d4 Qc7 11. d5 e5 12. g4 Bg6 13. dxc6 bxc6 14. Nxe5 Nxe5 15. Qxe5+ Qxe5 16. Rxe5+ Kd7 17. Be3 Bd6 18. Rd1 Kc7 19. Ra5 Rhb8 20. Rxd6 Kxd6 21. Bf4+ Ke7 22. Bxb8 Rxb8 23. Rxa7+ Kd6 24. b3 Bxc2 25. Rxf7 Re8 26. Rxg7 Re1+ 27. Kh2 Nd7 28. f4 1-0

[Event "Bogota McGregor op 2nd"]
[Site "Bogota"]
[Date "2011.12.08"]
[Round "6"]
[White "Garcia, John Fredy"]
[Black "Villamil Alarcon, Hector Orlando"]
[Result "1-0"]
[WhiteElo "1915"]
[BlackElo "2077"]
[PlyCount "79"]
[EventDate "2011.12.06"]
[EventType "swiss"]
[EventRounds "10"]
[EventCountry "COL"]
[SourceTitle "CBM 145 Extra"]
[Source "ChessBase"]
[SourceDate "2012.01.03"]
[SourceVersion "1"]
[SourceVersionDate "2012.01.03"]
[SourceQuality "1"]

1. d4 d5 2. e3 Nf6 3. Bd3 Nbd7 4. f4 e6 5. Nd2 c5 6. c3 Be7 7. Ngf3 b6 8. Ne5 Bb7 9. Qf3 0-0 10. 0-0 Re8 11. g4 Nf8 12. g5 N6d7 13. Ng4 f5 14. gxf6 Nxf6 15. Ne5 Qc7 16. Qh3 Bd6 17. Ndf3 Re7 18. Bd2 Ne4 19. Be1 Bxe5 20. Nxe5 c4 21. Bc2 Nd7 22. Bh4 Ndf6 23. Bxe4 dxe4 24. Rf2 Rf8 25. Rg2 Bd5 26. Kh1 Kh8 27. Ng6+ hxg6 28. Bxf6+ Kg8 29. Bxe7 Qxe7 30. Rxg6 Rf6 31. Rg5 Qc7 32. Rag1 Rf7 33. Rh5 Kf8 34. Qh4 Ke8 35. Rhg5 Qe7 36. Qh5 Kd7 37. Qxf7 Qxf7 38. Rxg7 Ke7 39. Rxf7+ Kxf7 40. h4 1-0

[Event "Charala op"]
[Site "Charala"]
[Date "2010.07.20"]
[Round "8"]
[White "Villamil Alarcon, Hector Orlando"]
[Black "Sanchez Liecano, Sebastian Felipe"]
[Result "1-0"]
[WhiteElo "2112"]
[BlackElo "2165"]
[PlyCount "35"]
[EventDate "2010.07.17"]
[EventType "swiss"]
[EventRounds "8"]
[EventCountry "COL"]
[SourceTitle "CBM 137 Extra"]
[Source "ChessBase"]
[SourceDate "2010.09.01"]
[SourceVersion "1"]
[SourceVersionDate "2010.09.01"]
[SourceQuality "1"]

1. d4 d5 2. Nf3 Nf6 3. Bg5 e6 4. c3 c5 5. e3 Nc6 6. Bd3 a5 7. Nbd2 Be7 8. Ne5 h6 9. Bf4 0-0 10. h4 Nd7 11. g4 f6 12. Ng6 Re8 13. g5 e5 14. gxh6 exf4 15. Qh5 Nf8 16. hxg7 Kxg7 17. Rg1 f5 18. Ne5+ 1-0

[Event "Charala op"]
[Site "Charala"]
[Date "2010.07.19"]
[Round "5"]
[White "Abril Guiza, Mauricio"]
[Black "Villamil Alarcon, Hector Orlando"]
[Result "1/2-1/2"]
[WhiteElo "2016"]
[BlackElo "2112"]
[PlyCount "37"]
[EventDate "2010.07.17"]
[EventType "swiss"]
[EventRounds "8"]
[EventCountry "COL"]
[SourceTitle "CBM 137 Extra"]
[Source "ChessBase"]
[SourceDate "2010.09.01"]
[SourceVersion "1"]
[SourceVersionDate "2010.09.01"]
[SourceQuality "1"]

1. e4 e6 2. Nf3 d5 3. exd5 exd5 4. d4 Bd6 5. Bg5 f6 6. Bh4 Ne7 7. Bd3 0-0 8. 0-0 Ng6 9. Bg3 Bxg3 10. hxg3 c6 11. c3 Bg4 12. Nbd2 Re8 13. Qc2 Nf8 14. Rfe1 Na6 15. Nh4 Qd7 16. Nf1 Rxe1 17. Rxe1 Nc7 18. Ne3 Re8 19. Qd2 1/2-1/2

[Event "Bogota Torneo Distrital"]
[Site "Bogota"]
[Date "2010.04.02"]
[Round "5"]
[White "Quintero, Raul"]
[Black "Villamil Alarcon, Hector Orlando"]
[Result "0-1"]
[WhiteElo "2076"]
[BlackElo "1948"]
[PlyCount "64"]
[EventDate "2010.03.31"]
[EventType "swiss"]
[EventRounds "7"]
[EventCountry "COL"]
[SourceTitle "EXT 2024"]
[Source "ChessBase"]
[SourceDate "2023.10.10"]
[SourceVersion "1"]
[SourceVersionDate "2023.10.10"]
[SourceQuality "1"]

1. Nf3 d5 2. b3 Nf6 3. Bb2 e6 4. e3 Be7 5. Be2 0-0 6. 0-0 c5 7. d3 Nc6 8. Nbd2 b6 9. a3 Bb7 10. c4 Rc8 11. Qc2 Qd7 12. Rad1 Rfd8 13. Rfe1 Qc7 14. Qb1 Ne8 15. Qa1 Bf6 16. cxd5 exd5 17. d4 cxd4 18. exd4 Qf4 19. g3 Qf5 20. Nf1 Na5 21. Qa2 Qd7 22. Ne3 Nd6 23. Ne5 Qe8 24. Bg4 Rc7 25. a4 Bxe5 26. dxe5 Ne4 27. Rc1 Rxc1 28. Rxc1 d4 29. Nf5 Nc3 30. Bxc3 dxc3 31. Rxc3 Qxe5 32. Re3 Qxf5 0-1